000 00601nam a2200253Ia 4500
005 20250425162401.0
008 250425s9999 xx 000 0 und d
020 _a9789978340257
041 _aspa
043 _aec
082 _a864.69866
100 _aPERALTA, JOSE
245 0 _aPENSAMIENTO POLITICO
250 _a1A ED.
260 _aEcuador
_bUNIVERSIDAD ALFREDO PEREZ GUERRERO
_c2008
260 _aS.L.
300 _a225
650 _aECUADOR
650 _aPENSAMIENTOS
650 _aPOLITICA
710 _aUNIVERSIDAD ALFREDO PEREZ GUERRERO
942 _c01
010 _a67861
999 _c228109
_d228109